000 00257nam a2200097Ia 4500
008 240331s9999 xx 000 0 und d
082 _bDIR
100 _aBeijing . ed
245 0 _aDirectory of national focal points for the UN 4th World Conference
942 _cL
999 _c4399
_d4399